Fortran Self - Taught (Record no. 2539)

MARC details
000 -LEADER
fixed length control field 00359nam a2200145Ia 4500
008 - FIXED-LENGTH DATA ELEMENTS--GENERAL INFORMATION
fixed length control field 221030s9999 xx 000 0 und d
041 ## - LANGUAGE CODE
Language code of text/sound track or separate title
082 ## - DEWEY DECIMAL CLASSIFICATION NUMBER
Classification number 105.23
Item number Sub
100 ## - MAIN ENTRY--AUTHOR NAME
Personal name N. Subramanian
245 #0 - TITLE STATEMENT
Title Fortran Self - Taught
Statement of responsibility, etc by N. Subramanian
260 ## - PUBLICATION, DISTRIBUTION, ETC. (IMPRINT)
Name of publisher Wheeler Pub.
Place of publication New Delhi
Year of publication 1990
300 ## - PHYSICAL DESCRIPTION
Number of Pages 226
650 ## - SUBJECT ADDED ENTRY--TOPICAL TERM
Topical Term BE Computer
942 ## - ADDED ENTRY ELEMENTS (KOHA)
Koha item type Books
Holdings
Accession Number Cost, normal purchase price Full call number Price effective from Koha item type Withdrawn / writtenoff status Materials specified (bound volume or other part) Damaged status Not for loan Permanent Location Current Location Shelving location Date acquired Lost/ Missing status department
BE 1498 60.00 105.23 Sub 10/30/2022 Books   Print     MIET Library, Jammu MIET Library, Jammu BL-Academic Block C, FL-2, CUP-107, SH-4, R-4 05/06/2000   BE
BE 1499 60.00 105.23 Sub 10/30/2022 Books   Print   Not For Loan MIET Library, Jammu MIET Library, Jammu BL-Second, FL-1, CUP-54, SH-2, R-2 05/06/2000   BE